000 00355nam a2200133Ia 4500
008 240624s9999 xx 000 0 und d
041 _aeng
082 _a306.01 FIO
100 _aFIORETOS ORFEO
245 _aOXFORD HANDBOOK OF HISTORICAL INSTITUTIO
260 _c2016
_aInstitutionalism
_bOxford University Press
300 _a704 p.
365 _cBPS
_b29
999 _c29389
_d29389